Los contratos de seguro de vida: normativa interna y comunitaria
Zapisane w:
| 1. autor: | |
|---|---|
| Format: | Książka |
| Język: | hiszpański |
| Wydane: |
Barcelona
Bosch
1994
|
| Hasła przedmiotowe: | |
| Etykiety: |
Dodaj etykietę
Nie ma etykietki, Dołącz pierwszą etykiete!
|
MARC
| LEADER | 00000nam a2200000 a 4500 | ||
|---|---|---|---|
| 001 | UCP3504 | ||
| 003 | CL-VaPUC | ||
| 008 | 990625e19940000SP |||||||||||||||||spa|d | ||
| 082 | 0 | 4 | |a 346.086 |b CAR |2 21 |
| 100 | 0 | |a Carbonell Puig, Jordi |e author |9 430850 | |
| 245 | 1 | 4 | |a Los contratos de seguro de vida: normativa interna y comunitaria |
| 300 | |a 312 p | ||
| 942 | |c BK | ||
| 945 | |d 19990625 00:00:00 |a vberengu | ||
| 260 | |a Barcelona |b Bosch |c 1994 | ||
| 650 | 7 | |a CONTRATO DE SEGUROS |2 CL-VaPUC |9 399481 | |
| 650 | 0 | |a Seguro de vida |9 762928 | |
| 650 | 0 | |a Derecho internacional privado |9 256361 | |
| 651 | 0 | |a España |9 254926 | |
| 583 | |a last modification |c 19990625 00:00:00 |k Rodrigo Vera | ||
| 999 | |c 281817 |d 281815 | ||
| 952 | |0 0 |1 0 |4 0 |6 346_086000000000000_CAR_1994 |7 0 |8 A |9 322812 |a BIBDER |b BIBDER |d 2019-11-20 |i 3488888 |o 346.086 CAR 1994 |p 3488888 |r 2023-01-25 |w 2019-11-20 |y BK |k DER | ||